Loading...

श्रृंखला की कड़ियाँ

Bibliographic Details
Main Author: महादेवी वर्मा
Other Authors: Mahadevi verma
Format: Printed Book
Published: New Delhi Lokbharati 2012
Subjects:
LEADER 00774nam a22001697a 4500
020 |a 9788180311161 
082 |a H305.42  |b MAH/S 
100 |a महादेवी वर्मा  
245 |a श्रृंखला की कड़ियाँ  
260 |a New Delhi  |b Lokbharati  |c 2012 
300 |a 129p. 
650 |a Srinkhala ki kariyan  |a Women enpowerment- hindi  |a sociology  |a Hindi literature 
700 |a Mahadevi verma 
942 |c BK 
999 |c 33149  |d 33149 
952 |0 0  |1 0  |4 0  |6 H_305_420000000000000_MAHS  |7 0  |8 Stack  |9 35075  |a KUCL  |b KUCL  |c Stack  |d 2015-06-23  |l 2  |o H305.42 MAH/S  |p 38620  |r 2017-07-27  |s 2017-07-19  |w 2015-06-23  |y BK 
952 |0 0  |1 0  |4 0  |6 H_305_420000000000000_MAHS  |7 0  |8 Stack  |9 45257  |a KUCL  |b KUCL  |c H  |d 2016-09-09  |g 175.00  |l 0  |o H305.42 MAH/S  |p 39156  |r 2016-09-09  |w 2016-09-09  |y BK